00571nam a2200157Ia 45000010006000000050017000060080041000230410008000640820017000721000030000892450241001192600009003603000028003696500008003976540008004052010420260306172741.0260306t2022||||xx |||||||||||||| ||spa|| aESP a342.211bR63 aRío Santos, FruelaeAUT 0aDerechos humanos y derecho internacional humanitario:btextos normativos de las Naciones Unidas, del Consejo de Europa, de la Unión Europea, de la Organización de los Estados Americanos y de la Organización para la Unidad Africana c2022 a880 páginas :c24 cm. aGEN aCDE